Statistics for Best of Mal's General Knowledge #1

Click here to take the quiz!

General Stats

  • This quiz has been taken 16,551 times
    (8,529 since last reset)
  • The average score is 13 of 20

Answer Stats

Question Answer % Correct
Which element accounts for 75% of the weight of the sun?Hydrogen
87%
In chess, which piece always remains on the same coloured squares?Bishop
86%
What is the main ingredient in risotto?Rice
84%
According to Franklin D. Roosevelt, what is the only thing we have to fear?Fear Itself
83%
What connects the eyes to the brain?{Optic} Nerve
82%
What prevents scurvy?Vitamin C
77%
Which part of the body can suffer from cirrhosis?Liver
77%
What does the A in DNA stand for?Acid
73%
Mogadishu is the capital of which African country?Somalia
68%
What comes next after alpha, beta, gamma, and delta?Epsilon
63%
What kind of creature is a flying fox?Bat
61%
Who was the wife of Zeus and the mother of Ares?Hera
61%
What are woofers and tweeters?Speakers
57%
What type of bone do humans have 24 of?Ribs
55%
What group of Caribbean Islands were named for a type of alligator?The {Cayman} Islands
53%
In what city would you find an art museum known as the Prado?Madrid
52%
Who wrote "The Three Musketeers" and "The Count of Monte Cristo"?Alexandre Dumas
49%
What type of musical instrument is a hi-hat?Cymbal
49%
What type of creature is also known as a white ant?Termite
37%
What do viticulturists cultivate?Grapes
33%

Score Distribution

Percentile by Number Answered

Percent of People with Each Score

Your Score History

You have not taken this quiz since the last reset